000 00419nam a22001577a 4500
020 _a3188222437
082 _a510
_bLON/E
100 _aLONEY, S.L
245 _aTHE ELEMENTS OF COORDINATE GEOMETRY
_bGEOMETRY
246 _aTHE ELEMENTS OF COORDINATE GEOMETRY
_bGEOMETRY
260 _aMEERUT
_bARIHANT PRAKASHAN
_c1895
300 _a386
520 _aMATHEMATICS-GEOMETRY
650 _aMATHEMATICS-GEOMETRY
942 _cBK
999 _c1310
_d1310